00560nam a2200181 a 4500008004100000020002200041100001600063245006800079260004500147300002800192440004000220650003000260700001400290710004700304003000100351005001700352040000900369  a0851987338 (pbk.)1 aKeane, P.J.10aVascular-streak dieback of cocoa /cby P.J. Keane and C. Prior. aKew, Surrey :bCAB International,c1991. a39 p. :bill. ;c24 cm. aPhytopathological papers :vno. 33. 0aCacaoxDiseases and pest.1 aPrior, C.2 aCAB International.bMycological Institute.20230120144449.0 cNUST